000 01050nam a22003257a 4500
003 CHAP
005 20220329135054.0
008 971013s1985 r 00010 d
010 _a30457
011 _a31429
035 _a35541
040 _cCHAP
082 _a338.17361
_bM3 1985
245 _aManual Azucarero Mexicano
250 _a28 ed.
260 _aMéxico, D.F. :
_bManual Azucarero, S.A.,
_c1985
300 _a498 p.
_b: ilus
590 _aBATCH-UPD
_b10
_c20130110
_lUCH01
_h0152
590 _aBATCH-UPD
_b10
_c20130110
_lUCH01
_h1215
590 _aBATCH-UPD
_b10
_c20130409
_lUCH01
_h2153
590 _aBATCH-UPD
_b10
_c20130410
_lUCH01
_h0752
590 _aBATCH-UPD
_b10
_c20130914
_lUCH01
_h0510
590 _aCONVERSION
_b10
_c20130109
_lUCH01
_h1317
650 1 4 _aAzúcar
_xFabricación y refinación
_xMéxico.
_99154
650 1 4 _aCaña de azúcar
_zMéxico.
_918668
700 0 _aLópez Coria, María de los Angeles.
_967787
901 _aBK
942 _cLIBRO
949 _a338.17361 M3 1985
_bBC
_cC
_d33724000116729
_eC
_h66056
_i35541
_si
999 _c30457
_d30457